000 00662nam a2200241 i 4500
001 C2-0334625
003 PPAK
005 20180728134404.0
008 151111s2015 my a|||| ||||| | may d
020 _a9789674491291
040 _aPPAK
_beng
_cPPAK
_erda
082 0 4 _a899.233
_223
090 0 0 _a899.233
_bQUE
_dK
100 0 _aQue Lyana Shuhaimi,
_eauthor
245 1 0 _aBedah dah popular
264 1 _aKuala Lumpur :
_bAna Muslim ,
_c2015
300 _a160 pages :
_billustrations ;
_c18 cm
336 _2rdacontent
_atext
337 _2rdamedia
_aunmediated
338 _2rdacarrier
_avolume
650 1 0 _aChildren's stories, Malay.
942 _ddc
_cB
999 _c133082
_d133082